Supporting Employment of Young People in Slovakia Through the Youth Guarantee

Vysoký počet nezamestnaných mladých ľudí v Európskej Únii - dvakrát vyšší ako u dospelej populácie, viedol ku vzniku projektu Záruka mladých. V projekte ide o nový prístup k riešeniu nezamestnanosti mladých ľudí vo veku do 25 rokov.

Guardado en:
Detalles Bibliográficos
Autor principal: Rievajová, Eva
Otros Autores: Klimko, Roman, 1985-
Formato: Capítulo de libro
Lenguaje:inglés
Materias:
Etiquetas: Agregar Etiqueta
Sin Etiquetas, Sea el primero en etiquetar este registro!

MARC

LEADER 00000naa$a2200000$$$4500
001 0240904
005 20240502095055.3
041 0 |a eng 
044 |a CZ 
245 1 0 |a Supporting Employment of Young People in Slovakia Through the Youth Guarantee  |c Eva Rievajová, Roman Klimko 
520 |a Vysoký počet nezamestnaných mladých ľudí v Európskej Únii - dvakrát vyšší ako u dospelej populácie, viedol ku vzniku projektu Záruka mladých. V projekte ide o nový prístup k riešeniu nezamestnanosti mladých ľudí vo veku do 25 rokov. 
610 2 0 |a mládež 
610 2 0 |a mladiství 
610 2 0 |a nezamestnanosť 
610 2 0 |a projekty medzinárodné 
610 2 0 |a vzdelávanie 
610 2 0 |a Európska únia 
610 2 0 |a trh práce 
100 1 |a Rievajová, Eva 
700 1 |a Klimko, Roman, 1985-